Testi copti. 1) : Encomio di Atanasio. 2) : Vita di Atanasio /

محفوظ في:

المؤلف الرئيسي: Orlandi, Tito (مؤلف)

مؤلفون آخرون: Orlandi, Tito.

التنسيق: كتاب

اللغة: Italian
Coptic

منشور في: Milano ; Varese : Istituto Editoriale Cisalpino, 1968.

الطبعة: Edizione critica.

سلاسل: Studi copti ; 3.
Testi e documenti per lo studio dell'antichità ; 21.

الموضوعات:

الوسوم: إضافة وسم

لا توجد وسوم, كن أول من يضع وسما على هذه التسجيلة!

رقم الطلب: BR1720 .A7 O74 1968

LEADER 01203nam a2200349I 4500
001 5326
003 OSt
005 20251015083830.0
008 130303s1968 it f b 000 0 ita d
010 |a 73343581 
040 |c ARCE Library 
041 0 |a cop  |a ita 
050 4 |a BR1720 .A7 O74 1968 
100 1 |a Orlandi, Tito,  |e author 
245 1 0 |a Testi copti. 1) :   |b Encomio di Atanasio. 2) : Vita di Atanasio /   |c Edizione critica, traduzione e commento di Tito Orlandi. 
250 |a Edizione critica. 
264 1 |a Milano ;  |a Varese :  |b Istituto Editoriale Cisalpino,   |c 1968. 
300 |a 161 pages :   |b plates ;   |c 19 cm. 
490 1 |a Studi copti ;  |v 3. 
490 1 |a Testi e documemti per lo studio dell'antichità ;  |v 21. 
504 |a Includes bibliographical references. 
600 0 0 |a Athanasius,  |c Saint, Patriarch of Alexandria,  |d -373. 
630 0 0 |a De Trinitate. 
700 1 2 |a Orlandi, Tito.  |t Encomio di Atanasio. 
700 1 2 |a Orlandi, Tito.  |t Vita di Atanasio. 
740 0 |a Encomio di Atanasio. 
740 0 |a Vita di Atanasio. 
830 0 |a Studi copti ;  |v 3. 
830 0 |a Testi e documenti per lo studio dell'antichità ;  |v 21. 
901 |a reviewed 
942 |c BK  |2 lcc 
999 |c 5262  |d 5262